Estudio de movilidad ciclista en los distritos del cantón de Puntarenas con mayor cantidad de ciclistas involucradas en colisiones
Uloženo v:
| Hlavní autor: | |
|---|---|
| Médium: | Kniha |
| Jazyk: | Spanish |
| Vydáno: |
[San José], Costa Rica
2015
|
| Témata: | |
| Tagy: |
Přidat tag
Žádné tagy, Buďte první, kdo vytvoří štítek k tomuto záznamu!
|
MARC
| LEADER | 00000nam a22000007a 4500 | ||
|---|---|---|---|
| 003 | 012325 | ||
| 005 | 20221231144035.0 | ||
| 008 | 160203b2015 cr a|||| |||| 00| ||spa d | ||
| 040 | |c cru CEDI | ||
| 090 | |a TFG 7489 | ||
| 100 | |9 2988 |a Espinoza Bolaños, José Luis | ||
| 245 | |a Estudio de movilidad ciclista en los distritos del cantón de Puntarenas con mayor cantidad de ciclistas involucradas en colisiones | ||
| 260 | |a [San José], Costa Rica |c 2015 | ||
| 500 | |a Proyecto de graduación (licenciatura en ingeniería civil)--Universidad de Costa Rica. Facultad de Ingeniería. Escuela de Ingeniería Civil | ||
| 650 | |x CICLOVÍAS |x SEGURIDAD VIAL |x SEGURIDAD VIAL (PUNTARENAS, COSTA RICA) |x ACCIDENTES DE TRANSITO |x BICICLETAS |x TRANSITO LOCAL - MEDIDAS DE SEGURIDAD |9 2989 | ||
| 942 | |c TFG | ||
| 999 | |c 16017 |d 16017 | ||
